000 00226nam a2200097Ia 4500
008 240331s9999 xx 000 0 und d
082 _bAGN
100 _aAgnis, P
245 0 _aPenn viduthalaiyum kaahitha chaddankalum
942 _cL
999 _c3619
_d3619